Normal view
MARC view
- Talat Nawab Khattak
Entry Personal Name
001 - CONTROL NUMBER
- control field: 69963
003 - CONTROL NUMBER IDENTIFIER
- control field: NUST
005 - DATE AND TIME OF LATEST TRANSACTION
- control field: 20210628204335.0
008 - FIXED-LENGTH DATA ELEMENTS
- fixed length control field: 210628|| aca||aabn | a|a d
040 ## - CATALOGING SOURCE
- Original cataloging agency: NUST
- Transcribing agency: NUST
100 ## - HEADING--PERSONAL NAME
- Personal name: Talat Nawab Khattak
670 ## - SOURCE DATA FOUND
- Source citation: Work cat.: (NUST): Talat Nawab Khattak, TH-SOF-1358-A study of impact of infrastructure load sharing (hostguest) on the performance of operators in telecom sector of Pakistan, 2017
